000
00208 a2200097 4500
001
42469
100
_a
Winter D
245
_a
The first of the few
260
_a
London
_b
Allen lane
_c
090
_c
26384
_d
26384
942
_a
NUST-CAE
_c
M
_c
18207
999
_c
277542
_d
277542